• 首页
  • 本馆介绍
  • 公告通知
  • 最新文献
  • 馆藏检索
  • 电子资源
  • 读者导购
  • 参考咨询
  • 我的图书馆
  • 登录
  • 详细信息显示
  • 放入我的书架
  • 预约/预借图书
  • 作者相关作品
  • 分类相关作品
  • 丛书相关作品
  • 出版社相关作品

书目信息

  • 表格格式
  • 工作单格式
  • 卡片格式
题名:
内战
    
 
作者: 阿米蒂奇 著 ;邬娟 , 伍璇 译
分册:  
出版信息: 北京   中信出版集团股份有限公司  2018
页数: 20,248页
开本: 23cm
丛书名:
单 册:
中图分类: D068
科图分类:
主题词: 国内战争--研究--国外
电子资源:
ISBN: 978-7-5086-8867-1
000 01054nam0 22002891 450
001 0035780104
005 20181116162616.0
010    @a978-7-5086-8867-1@b精装@dCNY58.00
100    @a20180608d2018 em y0chiy50 ea
101 1  @achi@ceng
102    @aCN@b110000
105    @ay z 001yy
106    @ar
200 1  @a内战@Anei zhan@dCivil wars@e观念中的历史@ea history in ideas@f(美)大卫·阿米蒂奇(David Armitage)著@g邬娟,伍璇译@zeng
210    @a北京@c中信出版集团股份有限公司@d2018
215    @a20,248页@c@d23cm
330    @a本书回顾了从古罗马到美国革命、法国大革命、美国内战,一直到当代的伊拉克和叙利亚战争,从观念内涵演变的角度对内战进行了深刻剖析和规律总结。
510 1  @aCivil wars@ea history in ideas@zeng
517 1  @a观念中的历史@Aguan nian zhong de li shi
606 0  @a国内战争@x研究@x国外
690    @aD068@v5
701  0 @c(美)@a阿米蒂奇@Aa mi di qi@c(Armitage, David)@4著
702  0 @a邬娟@Awu juan@4译
702  0 @a伍璇@Awu xuan@4译
801  0 @aCN@bMUSE@c20181206@g
905    @aBZT@dD068@e1
906    @dCNY58.00@n3@r1
    
    内战=Civil wars:观念中的历史:a history in ideas/(美)大卫·阿米蒂奇(David Armitage)著/邬娟,伍璇译.-北京:中信出版集团股份有限公司,2018
    20,248页;23cm
    
    
    ISBN 978-7-5086-8867-1(精装):CNY58.00
    本书回顾了从古罗马到美国革命、法国大革命、美国内战,一直到当代的伊拉克和叙利亚战争,从观念内涵演变的角度对内战进行了深刻剖析和规律总结。
●
相关链接 在五车中查询图书 在当当中查询图书 在豆瓣中查询图书


正题名:内战     索取号:D068/1         预约/预借

序号 登录号 条形码 馆藏地/架位号 状态 备注
1 857394   2000857394   思政阅览室/思1架B面3层8列/ [索取号:D068/1] 在馆    
2 857395   2000857395   第二书库/ [索取号:D068/1] 在馆    
3 857396   2000857396   第二书库/ [索取号:D068/1] 在馆    
山东省滨州职业学院图书馆 欢迎您!
大连网信软件有限公司© 版权所有